000 00696nam a2200265Ia 4500
003 OSt
005 20221006151144.0
006 a|||||r|||| 00| 0
007 ta
008 221006b |||||||| |||| 00| 0 jpn d
020 _c¥360
024 _a21,128
037 _bGift, Japan Foundation
_cTextual
040 _aEASL
_cEASL
_bjpn
041 _2jpn
_ajpn
082 _a1008328
100 _aSHISROYAMA Saburo
_9658448
245 0 _aMoretsu shain wo osu
260 _aTokyo
_bBunshun Bunko Japan
_c1986
300 _a263p.
_ccm.
490 _v JL
650 _aJL
942 _h1008328
_cTEXL
_2CC
999 _c1089214
_d1089214